| 000 | 00897nam a2200181Ia 4500 | ||
|---|---|---|---|
| 008 | 100920s9999 xx 000 0 und d | ||
| 082 |
_b105960 _a51 न 09 |
||
| 100 | _aवडनेरकर प्रीती. | ||
| 245 | _aमायाबाजार ( कै . आण्णासाहेब देऊळगावकर यांचे चरीत्र ). | ||
| 260 |
_bश्री विद्या प्रकाशन , पुणे. _c2009 |
||
| 300 |
_a257 _bसाधी |
||
| 365 | _b200 | ||
| 520 | _aचरित्र. | ||
| 630 | _aमायाबाजार ( कै . आण्णासाहेब देऊळगावकर यांचे चरीत्र ). | ||
| 650 | _aचरित्र. | ||
| 730 | _aमायाबाजार ( कै . आण्णासाहेब देऊळगावकर यांचे चरीत्र ). | ||
| 942 | _cBOOK | ||
| 999 |
_c746391 _d746388 |
||